Automatika v cukrovinkách

Riešenie skladovania a skladovej techniky v spoločnosti I.D.C. Holding. Využitie systému BT Radioshuttle a úspora investícií. Automatická manipulácia v regálovom systéme.

Saved in:
Bibliographic Details
Main Author: Brezovský, Jozef
Format: Book Chapter
Language:Slovak
Subjects:
Tags: Add Tag
No Tags, Be the first to tag this record!

MARC

LEADER 00000naa a2200000 4500
001 0235774
005 20170913131522.8
041 0 |a slo 
044 |a SK 
245 1 0 |a Automatika v cukrovinkách  |c Jozef Brezovský 
520 |a Riešenie skladovania a skladovej techniky v spoločnosti I.D.C. Holding. Využitie systému BT Radioshuttle a úspora investícií. Automatická manipulácia v regálovom systéme. 
610 2 0 |a skladovanie 
610 2 0 |a sklady 
610 2 0 |a sklady centrálne 
610 2 0 |a automatizácia 
610 2 0 |a firmy 
610 2 0 |a potravinárstvo 
610 2 0 |a investície 
610 2 0 |a efektívnosť 
100 1 |a Brezovský, Jozef